000 00327nam a2200133Ia 4500
005 20251222155044.0
008 251222s9999||||xx |||||||||||||| ||spa||
082 _aREL.01
100 _aMARTINEZ S.
245 0 _aBiblia Estudio y enseñanza de Religión
250 _a2da. ed.
264 _bMagisterio Español
942 _cLIB
999 _c37017
_d37017